[Event "Lisbon Portugal rapid 2op"]
[Site "Lisbon"]
[Date "2020.02.02"]
[Round "6"]
[White "Taboas Rodriguez, Daniel"]
[Black "Garcia Dorado, Alberto"]
[Result "1-0"]
[WhiteElo "2350"]
[BlackElo "2167"]
[PlyCount "104"]
[EventDate "2020.01.02"]
[EventType "swiss (rapid)"]
[EventRounds "8"]
[EventCountry "POR"]
[SourceTitle "CBM 194 Extra"]
[Source "ChessBase"]
[SourceDate "2020.03.31"]
[SourceVersion "1"]
[SourceVersionDate "2020.03.31"]
[SourceQuality "1"]

1. d4 d5 2. Nf3 e6 3. c4 Nf6 4. Bg5 Be7 5. e3 0-0 6. Nc3 a6 7. Rc1 dxc4 8. Bxc4 b5 9. Bd3 Bb7 10. 0-0 Nbd7 11. Qc2 Rc8 12. Rfd1 h6 13. Bxf6 Nxf6 14. Ne4 Nd5 15. a3 Bd6 16. Nc5 Rb8 17. Bh7+ Kh8 18. Be4 Qe7 19. Nxb7 Rxb7 20. Bxd5 exd5 21. Qc6 Rfb8 22. Qxd5 b4 23. a4 b3 24. Rc6 Rb6 25. Rdc1 Rxc6 26. Qxc6 Rb6 27. Qc4 Qd7 28. h3 Rb4 29. Qxa6 Rxa4 30. Qb7 Rb4 31. Qa8+ Kh7 32. Qe4+ g6 33. Nd2 Qa4 34. Qd5 Kg7 35. Qe4 Qa2 36. Qb1 Qa6 37. Rc3 Qa2 38. g3 Rb6 39. Kg2 Qa5 40. Qe4 Qa2 41. Nc4 Bb4 42. Rd3 Rf6 43. d5 Qb1 44. Ne5 Qxb2 45. Ng4 Rb6 46. Qf4 g5 47. Qxc7 Rd6 48. Qc4 h5 49. Qxb4 hxg4 50. Qxd6 gxh3+ 51. Kxh3 Qxf2 52. Rxb3 Qf5+ 1-0